| 000 | 01778cas a2200469 4500 | ||
|---|---|---|---|
| 003 | OSt | ||
| 005 | 20241229144421.0 | ||
| 008 | 090514c19579999iluqr p 0 a0eng | ||
| 022 | 0 |
_a0024-2527 _21 |
|
| 040 |
_aDLC _cMnMULS _dMBTI _dCtY _dDLC _dNSDP _dAIP _dNST _dOCU-M _dInU _dOCoLC _dDLC _dOCoLC _dDNAL _dOCoLC _dMH _dB2Q _dMH-L _dOCoLC _dDIBAM _dNLGGC _dNYDWH _dWaU |
||
| 082 | _a025.06273 | ||
| 092 | 4 |
_a025.0627305 _bL6978 _221 |
|
| 099 |
_a\4 _a025.0627305 L6978 |
||
| 222 | 0 | _aLibrary resources & technical services. | |
| 245 | 0 | 0 | _aLibrary resources & technical services. |
| 246 | 3 | _aLRTS | |
| 300 |
_av. _c24 cm. |
||
| 310 | _aQuarterly | ||
| 336 |
_atext _2rda content |
||
| 337 |
_aUnmediated _2rdamedia |
||
| 338 |
_avolume _2rdacarrier |
||
| 362 | 0 | _av. 1- winter 1957- | |
| 541 | _aDeposit | ||
| 650 | 0 |
_aLibrary science _vPeriodicals. |
|
| 650 | 0 |
_aTechnical services (Libraries) _vPeriodicals. |
|
| 650 | 2 |
_aLibrary Science _vPeriodicals. |
|
| 650 | 2 |
_aLibrary Technical Services _vPeriodicals. |
|
| 650 | 6 |
_aBibliothâeconomie _vPâeriodiques. |
|
| 650 | 7 |
_aBIBLIOTECOLOGIA _xPUBLICACIONES PERIODICAS. _2renib |
|
| 650 | 7 |
_aLIBRARY COLLECTIONS _2unbist |
|
| 650 | 7 |
_aTECHNICAL SERVICES (LIBRARIES) _2unbist |
|
| 650 | 7 |
_aUNITED STATES _2unbist |
|
| 650 | 1 | 7 |
_aDocumentaire informatie. _2gtt |
| 710 | 2 |
_aAmerican Library Association. _bResources and Technical Services Division. |
|
| 710 | 2 | _aAssociation for Library Collections & Technical Services. | |
| 780 | 1 | 4 |
_tJournal of cataloging and classification _w(OCoLC)8941951 |
| 780 | 1 | 4 |
_tSerial slants _x0559-5258 _w(OCoLC)1641432 |
| 785 | 0 | 1 |
_tNew directions in technical services _x1091-9066 _w(DLC) 97657814 _w(OCoLC)36037506 |
| 905 |
_aamro _eRev. |
||
| 905 |
_aHala _eCat. |
||
| 942 |
_cCR _n0 |
||
| 999 |
_c110094 _d110094 |
||